| 000 | 00639nac a22001691u 4500 | ||
|---|---|---|---|
| 008 | 130127s1972 enk||||| |||| 00| 0 eng d | ||
| 020 | _a0224007998 | ||
| 082 |
_a322.43 _bJAY _222 |
||
| 100 |
_aJay, Antony, _926378 |
||
| 245 |
_aThe Householder's Guide to Community Defence Against Bureaucratic Aggression : _ba Report on Britain's Government Machine : _cpresented to the British taxpayer. |
||
| 260 |
_aLondon: _bCape, _c1972. |
||
| 300 |
_a64p.; _b23 cm. |
||
| 500 | _aDonations | ||
| 500 | _aDonations-Bibliotheca Alexandrina | ||
| 650 |
_aCitizens’ associations _z Great Britain. _932017 |
||
| 942 |
_cBB _k322.43 JAY _2ddc |
||
| 999 |
_c3628 _d3628 |
||